| 000 | 00505nam a2200181Ia 4500 | ||
|---|---|---|---|
| 008 | 170918s9999 xx 000 0 und d | ||
| 020 | _a9780746070192 | ||
| 050 | _bD275 2007 | ||
| 100 | _aDaynes, Katie | ||
| 245 | 4 | _aThe story of toilets, telephones & other useful inventions / | |
| 245 | _cKatie Daynes ; illustrated by Adam Larkum. | ||
| 260 | _aLondon : | ||
| 260 | _bUsborne Publishing Ltd., | ||
| 260 | _c2007 | ||
| 300 | _a48 pages : | ||
| 300 | _bcolored illustration ; | ||
| 500 | _a680 | ||
| 999 |
_c342584 _d342584 |
||